| 000 | | | 03574nac2a22002533x 450 |
| 001 | | | f20279bb-1e72-44e5-b8be-bac308916653 |
| 005 | | | 20220701144957.0 |
| 100 | ## | $a | 20220622l1904 k y0rusy50 ca |
| 101 | 0# | $a | ger |
| 102 | ## | $a | RU |
| 105 | ## | $a | y z ||||| |
| 122 | 0# | $a | d19040414 |
| 200 | 1# | $a | Письмо Освальда |
| | $j | 14 апреля 1904 |
| 215 | ## | $a | 1 лист |
| 251 | ## | $c | Дело |
| 300 | ## | $a | Текст на немецком языке |
| 300 | ## | $a | Рукописный и типографский текст |
| 461 | #0 | $1 | 00146f31c0b-2482-4a55-a7be-cfce92df5576 |
| | $1 | 2001 |
| | $a | Энгельгардт Василий Павлович, барон, астроном, музыкант, собиратель материалов о А. В. Суворове |
| | $1 | 251 |
| | $c | Фонд |
| | $1 | 852 |
| | $j | 1824 |
| 462 | #0 | $1 | 0017889321c-552f-4516-aff1-d25a6bed3147 |
| | $1 | 2001 |
| | $a | Дела постоянного хранения. 1898-1912 гг. |
| | $v | Д. 33 |
| | $1 | 251 |
| | $c | Опись |
| | $1 | 852 |
| | $j | 1 |
| 600 | #1 | $a | Энгельгардт |
| | $b | В. П. |
| | $c | барон |
| | $g | Василий Павлович |
| 600 | #1 | $a | Освальд |
| 801 | #0 | $a | RU |
| | $b | GA_RF |
| 801 | #1 | $a | RU |
| | $b | ГлавНИВЦ |
| | $c | 20220622 |
| | $2 | rusmarc |
| 801 | #2 | $a | RU |
| | $b | ПБ им. Б.Н. Ельцина |
| | $c | 20220701 |
| | $g | RCR |
| | $2 | rusmarc |
| 852 | ## | $a | ГА РФ |
| | $j | 33 |
| 937 | ## | $d | 176997814 |
| | $h | ГАРФ |
| 035 | ## | $a | RuPRLIB51067830 |
| 856 | ## | $u | http://readingroom.main.prlib.ru/item.aspx?id_node=n176997814&mode=full |